00720 2200229 4500001002100000005001700021008004100038035002400079082001100103090002100114100005100135245013300186250001100319260003000330300002200360650003300382700002400415850001500439980001500454985000600469999001500475YOGYA-0209000006364320090227040217.0 ind  0010-020900000063643 a297.64 a297.64bNum MlT aMu'man bin Ibrahim Al-Khalil Az-Zarnuji, Syekh aMetode belajar efektif untuk menjadi Kyai-ulamacSyekh Mu'man bin Ibrahim Al-Khalil Az-Zarnuji ; alih bahasa, M. Ali Chasan Umar aCet. 4 aPekalonganbBahagiac1994 avi, 86 hlmc21 cm aAlim ulamaxPendidikan Islam aUmar, M. Ali Khasan aYOPDYOG(B) a05-09-2006 a1 a97P0096387